1680 1534 1867 1503 1350 1063 1869 1823 1247 1327 1825 1196 1285 1756 1031 1501 1009 1506 1889 1081 1081 1297 1031 1383 1304 1116 1494 1687 1475 1363 1750 1218 1900 1636 1734 1026 1863 1765 1444 1172 1859 1877 1603 1130 1004 1585 1358 1515 1528 1044 1869 1076 1394 1626 1990 1586 1087 1200 1026 1769 1825 1786 1156 1440 1451 1947 1555 1051 1865 1788 1475 1702 1837 1253 1233 1894 1375 1240 1980 1216 1164 1751 1187 1669 1479 1907 1831 1517 1511 1530 1792 1802 1103 1699 1722 1513 1078 1605 1065 BCNSPRNW ULIB Ver.6.0+V

เปลี่ยนเป็นภาษาไทย

Change to English
 แสดงรายละเอียดบรรณานุกรม
  กลับหน้าหลัก

Brief Record : Get Marc (ISO 2709) : E-mail record : QR code < ปิดหน้าต่าง
LEADER : 00000nam 2200000uu 4500
001    13399113387
003     ULIB
008    110418s2552||||th 000 0 tha d
020    9786167098098
060 04 WJ342^bพ199ต 2552
100 0  พนิดา กุลประสูติดิลก
245 00 ไตวายการควบคุม ดูแลรักษา และการป้องกัน/^cพนิดา กุลประสูติดิลก
260    กรุงเทพฯ :^bFeel Good Publishing,^c2552
300    150 หน้า
650  7 ไตวาย
945    ^p150^l0^i027956
945    ^p150^l0^i028238
945    ^p150^l0^i028383
995    ทศพร
999 ^a ใช้งานได้ทุกระบบ
รายการนี้ยังไม่มีแท็ก
คุณยังไม่ได้ล็อกอิน คุณสามารถมีกิจกรรมร่วมกับเว็บไซต์ได้ แต่ต้องล็อกอินก่อน ::
  ล็อกอิน

รายการสื่อสารสนเทศ

ลำดับที่ ประเภท เลขเรียก/บาร์โค้ด สถานที่ สถานะ
- ไม่พบข้อมูล -

รายการใกล้เคียง
    ผู้แต่ง [พนิดา กุลประสูติดิลก]

    หัวเรื่อง [ไตวาย]

BibComment


ยังไม่เคยถูกคอมเมนท์

คอมเมนท์ทรัพยากรรายการนี้
  คอมเมนท์: ไตวายการควบคุม ด..


 Copyright 2026. Bcnsprnw @Library